000 00598nam a22001817a 4500
003 UA-OsUOA
001 19269
007 ta
008 20040802b un ||||| |||| 00| 0 ukr d
100 _aЧабак М.
942 _cSA
040 _aUA-OsUOA
_cUA-OsUOA
_dUA-OsUOA
245 _a"Я живу майбутнім!"
_b[Розмова з голов. архітектором ЗАТ "Рівнеінвестпроект" М.С.Чабаком]/О.Ольховик
300 _aС.12
955 _a0
773 0 _w0
_tІмідж
_dРівне
_d2004
_g№11/ лип./
650 7 _aАрхітектура
_2UDC
999 _c305440
_d305440